00358nam a2200157Ia 4500001000500000005001700005008004100022041000800063082001600071100002700087245002800114260000900142300003300151650000800184654000800192225020260306143828.0260306t2011||||xx |||||||||||||| ||spa|| aESP a616.8bR769 aRowland, Lewis P.eAUT 0aNeurología de Merritt c2011 axx, 1172 páginas :c28 cm. aGEN aCPS